| 000 | 00444nam a2200133 a 4500 | ||
|---|---|---|---|
| 008 | 120416s1967 xx |||||||||||||| || u | ||
| 050 | _aTS 227 Gia | ||
| 100 | _aGiachino, Joseph William | ||
| 245 | 1 | 0 | _aWelding skills and practices |
| 250 | _a3rd ed. | ||
| 260 | _c1967 | ||
| 350 | _a0.00 | ||
| 995 |
_D0.00 _FCBU-MAIN LIBRARY (Kitwe) _H1 _I4.25 _UAVAILABLE _ZAnnex Low-Usage Collection |
||
| 999 |
_c61586 _d61586 |
||